Případy Evana Warlova. Útesy smrti /
Bývalý šéfinspektor Evan Warlow je povolán zpět do služby, aby se znovu ujal případu, který před lety nevyřešil. Tentokrát má další šanci chytit vraha. Ten se začíná cítit v ohrožení a mrtvých rázem přibývá.
Uloženo v:
| Série: | Případy Evana Warlova,
část 1 |
|---|---|
| Hlavní autor: | |
| Další autoři: | |
| Médium: | Kniha |
| Jazyk: | Czech |
| Vydáno: |
Praha :
Dobrovský s.r.o.,
2026
|
| Edice: | Vendeta
|
| Témata: | |
| Celkem bylo vypůjčeno: | 0x |
| Příbuzné jednotky: | Z cyklu::
Případy Evana Warlova |
| Tagy: |
Žádné tagy |
| LEADER | 02290nam a2200445 i 4500 | ||
|---|---|---|---|
| 001 | 106151 | ||
| 003 | CZ PrNK | ||
| 005 | 20260415125832.0 | ||
| 007 | ta | ||
| 008 | 260326s2026 xr g 000 f cze | ||
| 015 | |a cnb003747546 | ||
| 020 | |a 9788027760350 |q (vázáno) : |c Kč 399,00 | ||
| 040 | |a ABG001 |b cze |e rda | ||
| 041 | 1 | |a cze |h eng | |
| 072 | 7 | |a 821.111-3 |x Anglická próza, anglicky psaná |2 Konspekt |9 25 | |
| 080 | |a 821.111-31 |2 MRF | ||
| 080 | |a (0:82-312.4) |2 MRF | ||
| 100 | 1 | |a Dylan, Rhys |7 jo20261288127 |4 aut |9 117273 | |
| 240 | 1 | 0 | |a Engine house. |l Česky |
| 245 | 1 | 0 | |a Případy Evana Warlova. |p Útesy smrti / |c Rhys Dylan ; přeložila Denisa Streublová |
| 264 | 1 | |a Praha : |b Dobrovský s.r.o., |c 2026 | |
| 300 | |a 328 stran ; |c 21 cm | ||
| 336 | |a text |b txt |2 rdacontent | ||
| 337 | |a bez média |b n |2 rdamedia | ||
| 338 | |a svazek |b nc |2 rdacarrier | ||
| 490 | 1 | |a Vendeta | |
| 500 | |a Přeloženo z angličtiny | ||
| 520 | 2 | |a Bývalý šéfinspektor Evan Warlow je povolán zpět do služby, aby se znovu ujal případu, který před lety nevyřešil. Tentokrát má další šanci chytit vraha. Ten se začíná cítit v ohrožení a mrtvých rázem přibývá. |b Když se na malebné pobřežní stezce v Pembrokeshiru sesune kus útesu a odkryje děsivé ostatky dvou těl, bývalý šéfinspektor Evan Warlow je z předčasného důchodu rázem povolán zpět do služby. Před sedmi lety vedl pátrání po dvou pohřešovaných osobách a nyní se znovu ocitá ve středu dění odloženého případu – tentokrát však vyšetřuje dvojnásobnou vraždu. Jenže vrah se horečně snaží zahladit stopy a počet obětí stoupá. Nakladatelská anotace. | |
| 655 | 7 | |a anglické romány |7 fd131814 |2 czenas |9 53421 | |
| 655 | 7 | |a detektivní romány |7 fd132010 |2 czenas |9 53536 | |
| 655 | 9 | |a English fiction |2 eczenas | |
| 655 | 9 | |a detective novels |2 eczenas | |
| 700 | 1 | |a Streublová, Denisa, |d 1985- |7 kv2016914948 |4 trl |9 111182 | |
| 710 | 2 | |a Dobrovský (firma) |7 olak2017946581 |4 pbl |9 117120 | |
| 787 | 0 | 8 | |i Z cyklu: |t Případy Evana Warlova |g 1 |
| 830 | 0 | |a Vendeta | |
| 910 | |a UOG502 | ||
| 942 | |2 ddc |c KN | ||
| 999 | |d 106151 | ||
| 993 | |0 0 |1 421180106876 |2 ddc |4 0 |7 0 |9 99465 |b 0 |c 106876 |d 2026-04-15 |e 0 |f DOSP |h 399.00 |i Koupě |l DOSP |r 2026-04-15 |t 6 |w 2026-04-15 |y KN |z KRIMI |n | ||